Mujeres y sistema penal: violencia doméstica
I tiakina i:
| Kaituhi matua: | |
|---|---|
| Hōputu: | Pukapuka |
| Reo: | Pāniora |
| I whakaputaina: |
Montevideo
B de F
2008
|
| Ngā marau: | |
| Ngā Tūtohu: |
Tāpirihia he Tūtohu
Kāore He Tūtohu, Me noho koe te mea tuatahi ki te tūtohu i tēnei pūkete!
|
MARC
| LEADER | 00000nam a2200000 a 4500 | ||
|---|---|---|---|
| 001 | UCI9441 | ||
| 003 | CL-VaPUC | ||
| 008 | 081120e20080000UY |||||||||||||||||spa|d | ||
| 020 | |a 9789974676039 | ||
| 082 | 0 | 4 | |a 362.8292 |b LAR |2 21 |
| 100 | |a Larrauri Pijoan, Elena |e author |9 466598 | ||
| 245 | 1 | 0 | |a Mujeres y sistema penal: violencia doméstica |
| 300 | |a 279 p | ||
| 942 | |c BK | ||
| 945 | |d 20081120 00:00:00 |a rbrito | ||
| 260 | |a Montevideo |b B de F |c 2008 | ||
| 650 | 0 | |a Violencia intrafamiliar |9 312986 | |
| 650 | 0 | |a Derecho de familia |9 255603 | |
| 650 | 7 | |a MUJER AGREDIDA |2 CL-VaPUC |9 533216 | |
| 650 | 0 | |a Violencia en el hogar |9 334209 | |
| 650 | 0 | |a Mujeres maltratadas |9 328273 | |
| 650 | 0 | |a Violencia en el hogar |9 334209 | |
| 650 | 0 | |a Derechos de la mujer |9 257074 | |
| 583 | |a last modification |c 20180326 12:34:34 |k Rodrigo Vera | ||
| 999 | |c 331977 |d 331975 | ||
| 952 | |0 0 |1 0 |4 0 |6 362_829200000000000_LAR_2008 |7 0 |8 A |9 419273 |a BIBDER |b BIBDER |d 2019-11-22 |i 4498240 |l 4 |m 3 |o 362.8292 LAR 2008 |p 4498240 |q 2025-04-30 |r 2025-04-21 |s 2025-04-21 |w 2019-11-22 |y BK |k DER | ||